El reclamo administrativo previo y la pretensión judicial del particular frente al silencio de la administración : (Registro nro. 6174)
[ vista simple ]
| 000 -LEADER | |
|---|---|
| fixed length control field | 01096nabaa22002057a 4500 |
| 003 - CONTROL NUMBER IDENTIFIER | |
| control field | OSt |
| 005 - DATE AND TIME OF LATEST TRANSACTION | |
| control field | 20260123231916.0 |
| 008 - FIXED-LENGTH DATA ELEMENTS--GENERAL INFORMATION | |
| fixed length control field | 190701b xxu||||| |||| 00| 0 spa d |
| 040 ## - CATALOGING SOURCE | |
| Transcribing agency | PJ |
| 100 ## - MAIN ENTRY--PERSONAL NAME | |
| 9 (RLIN) | 6286 |
| Personal name | Duizeide, Santiago G. |
| 245 13 - TITLE STATEMENT | |
| Title | El reclamo administrativo previo y la pretensión judicial del particular frente al silencio de la administración : |
| Remainder of title | un largo camino que vulnera la tutela judicial efectiva / |
| Statement of responsibility, etc | Santiago Duizeide. |
| 300 ## - PHYSICAL DESCRIPTION | |
| Extent | p. 51-56 |
| 500 ## - GENERAL NOTE | |
| General note | Cita: TR LALEY AR/DOC/1106/2024 |
| 505 ## - FORMATTED CONTENTS NOTE | |
| Formatted contents note | Sumario: I. Introducción.— II. La modificación del art. 31. Opiniones encontradas.— III. El silencio de la Administración.— IV. La tutela judicial efectiva. Una garantía fundamental vulnerada.— V. Reflexiones finales. |
| 505 ## - FORMATTED CONTENTS NOTE | |
| Title | ¿Te interesa el texto completo? Comunicate al correo: koha@justierradelfuego.gov.ar |
| 650 #0 - SUBJECT ADDED ENTRY--TOPICAL TERM | |
| 9 (RLIN) | 211 |
| Topical term or geographic name as entry element | DERECHO ADMINISTRATIVO |
| 650 #0 - SUBJECT ADDED ENTRY--TOPICAL TERM | |
| 9 (RLIN) | 3637 |
| Topical term or geographic name as entry element | TUTELA JUDICIAL EFECTIVA |
| 773 0# - HOST ITEM ENTRY | |
| Host Biblionumber | 2842 |
| Host Itemnumber | 3251 |
| Place, publisher, and date of publication | Buenos Aires : AbeledoPerrot, 2012- |
| Other item identifier | DA121 |
| Title | Derecho administrativo. Nº 153 mayo/junio 2024 |
| International Standard Book Number | 18510590 |
| 942 ## - ADDED ENTRY ELEMENTS (KOHA) | |
| Source of classification or shelving scheme | |
| Koha item type | Analítica Artículo de Revista |
No hay ítems disponibles.
